The Biggest Cities in Finland - Statistics

General Stats
  • This quiz has been taken 45 times
  • The average score is 11 of 15
Answer Stats
Population City % Correct
684.018 Helsinki
100%
320.931 Espoo
93%
216.152 Oulu
93%
260.180 Tampere
93%
206.073 Turku
90%
121.337 Lahti
80%
149.194 Jyväskylä
77%
251.269 Vantaa
77%
83.305 Pori
67%
78.741 Joensuu
60%
70.361 Vaasa
60%
78.386 Kouvola
57%
125.666 Kuopio
57%
68.433 Hämeenlinna
43%
73.327 Lappeenranta
37%
No matching quizzes found
Score Distribution
Percent of People with Each Score
Percentile by Number Answered
Your Score History
You have not taken this quiz